Quiz sull'Italia - Statistics

Statistiche generali
  • Questo quiz è stato fatto 228 volte
  • Il punteggio medio è 12 su 15
Statistiche sulle risposte
Suggerimento Risposta % Corretto
La capitale Roma
100%
Colore centrale della bandiera Bianco
98%
Numero di regioni 20
97%
Seconda città più grande Milano
95%
Numero di paesi confinanti 6
94%
Anno dell'entrata dell'Italia nella prima guerra mondiale 1915
90%
Numero di mondiali vinti 4
89%
Regione più piccola Valle d'Aosta
89%
Ultima dinastia reale Savoia
88%
Poeta di Recanati Leopardi
80%
Anno dell'Unita d'Italia 1861
75%
Lago più grande d'Italia Lago di Garda
72%
Scrittore e drammaturgo nato ad Agrigento Pirandello
48%
Animale simbolico Lupa
41%
Titolo ufficiale dell'inno nazionale Il Canto degli Italiani
21%
Nessun quiz corrispondente trovato
Distribuzione punteggi
Percentuale di utenti per punteggio
Percentile per numero di risposta
I tuoi punteggi nel tempo
Non hai fatto questo quiz